000 00488nam a2200217Ia 4500
005 20250425161603.0
008 250425s9999 xx 000 0 und d
020 _a0070484600
041 _aeng
082 _a621.38043
245 0 _aSIGNAL ANALYSIS
250 _aS.E.
260 _aEstados Unidos
_bMCGH
_c1977
260 _aNEW YORK
300 _a431
650 _aANALISIS (GENERAL)
650 _aSEÑALES
650 _aSERIES DE FOURIER
942 _c01
010 _a23560
999 _c212101
_d212101